000 00204 a2200109 4500
020 _a9780884197942
041 _aeng
100 _aCati, W.L
245 _aMarried to muhammed
942 _cBK
952 _71
999 _c18418
_d18418